000 00308nam a22001337a 4500
008 170629b xxu||||| |||| 00| 0 eng d
020 _a9780631180289
041 _aeng
080 _a811
100 _a22
101 _aGJL
245 _aTHE WRITING SYSTEM OF THE WORLD
_cCOULMAS.F
942 _2udc
_cBK
999 _c19569
_d19569